000 00715nam a2200241Ia 4500
003 OSt
005 20220925222950.0
006 a|||||r|||| 00| 0
007 ta
008 220923b |||||||| |||| 00| 0 eng d
037 _cGeneral Book
040 _aRTL
_cRTL
_beng
041 _2eng
_aeng
082 _aU:(G:55), N7
100 _aElliot Robert
_9288681
245 0 _aFaking nature
_b The ethics of environmental restoration
260 _aLondon
_bRoutldge U K
_c1997
300 _axii,177p. Bib p. 161-67
_ccm.
500 _aEnvironmental Philosophies
650 _aGeography - Environment
_9229896
942 _hU:(G:55), N7
_cGB
_2CC
999 _c578289
_d578289